000 00609cam a22002051 4500
001 000009349
005 20200929161550.0
008 790815s1971 cl 000 1 spa
010 _a 37022299
040 _aDO-SdBNP
_bspa
_cBNPHU
082 _aCh863.44
_bR763m
100 1 _aRomero, Alberto,
_d1896-
_924113
245 1 3 _aLa mala estrella de Perucho González, :
_bnovela.
260 _aSantiago de Chile, :
_bUniversitaria,
_c1971.
300 _a262 p. ;
_c20 cm.
490 1 _aContemporáneos
650 4 _aNovela chilena
_93163
650 4 _aLiteratura chilena
_93164
830 0 _aContemporáneos
_96941
999 _c9109
_d9109